UM Logo

Encounters: (Record no. 2137)

MARC details
000 -LEADER
fixed length control field 00928nam a2200229 4500
008 - FIXED-LENGTH DATA ELEMENTS--GENERAL INFORMATION
fixed length control field 160430b xxu||||| |||| 00| 0 eng d
020 ## - INTERNATIONAL STANDARD BOOK NUMBER
International Standard Book Number 9715844391
082 ## - DEWEY DECIMAL CLASSIFICATION NUMBER
Edition number 2006
Classification number DFil 425.076
Item number Aq5e
245 ## - TITLE STATEMENT
Title Encounters:
Remainder of title mastering English through content/
Statement of responsibility, etc. Lalaine Yanilla Aquino [and six others].
260 ## - PUBLICATION, DISTRIBUTION, ETC. (IMPRINT)
Place of publication, distribution, etc. Quezon City:
Name of publisher, distributor, etc. C & E Publishing, Inc.,
Date of publication, distribution, etc. c2006.
300 ## - PHYSICAL DESCRIPTION
Extent vii, 359 pages:
Other physical details illustrations;
Dimensions 26 cm.
500 ## - GENERAL NOTE
General note Includes bibliographical references.
650 #0 - SUBJECT ADDED ENTRY--TOPICAL TERM
9 (RLIN) 6932
Topical term or geographic name as entry element English language
Form subdivision Grammar
700 ## - ADDED ENTRY--PERSONAL NAME
9 (RLIN) 6935
Personal name Aquino, Lalaine Yanilla
Relator term author
700 ## - ADDED ENTRY--PERSONAL NAME
9 (RLIN) 6936
Personal name Aureus, Eloisa Ventura
Relator term author
700 ## - ADDED ENTRY--PERSONAL NAME
9 (RLIN) 6938
Personal name Calderon, Tina Marie Tolentino
Relator term author
700 ## - ADDED ENTRY--PERSONAL NAME
9 (RLIN) 6940
Personal name Castro, Maria Corazon Aspeli
Relator term author
700 ## - ADDED ENTRY--PERSONAL NAME
9 (RLIN) 6942
Personal name Flores, Emil Francis Magallona
Relator term author
700 ## - ADDED ENTRY--PERSONAL NAME
9 (RLIN) 6943
Personal name Flores, Magelende Magallona
Relator term author
700 ## - ADDED ENTRY--PERSONAL NAME
9 (RLIN) 6944
Personal name Isidro, Teresita Musngi
Relator term author
942 ## - ADDED ENTRY ELEMENTS (KOHA)
Source of classification or shelving scheme Dewey Decimal Classification
Koha item type Filipiniana
Holdings
Withdrawn status Lost status Source of classification or shelving scheme Damaged status Not for loan Collection code Home library Current library Date acquired Source of acquisition Total Checkouts Full call number Barcode Date last seen Copy number Price effective from Koha item type
    Dewey Decimal Classification     Filipiniana UM Digos College - LIC UM Digos College - LIC 10/24/2008 Purchased   DFil 425.076 Aq5e 2006 19912 05/15/2025 1 04/30/2016 Filipiniana
    Dewey Decimal Classification     Filipiniana UM Digos College - LIC UM Digos College - LIC 09/29/2007 Purchased   DFil 425.076 Aq5e 2006 19327 05/15/2025 2 05/03/2016 Filipiniana